Estadísticas para Grupos de Siete #1

Haz click aquí para intentar la prueba.

Estadísticas generales

  • Esta prueba ha sido intentada 192 veces
    (190 desde el último reinicio)
  • La puntuación promedio es 34 de 56

Estadísticas de respuestas

GrupoRespuesta% Correcto
Especies de felino más grandeTigre
91%
Países que terminan en "Stan"Uzbekistán
89%
Países que terminan en "Stan"Pakistán
88%
Países que terminan en "Stan"Afganistán
87%
Países que terminan en "Stan"Kazajistán
87%
Especies de felino más grandeLeón
86%
Países del G-7Alemania
81%
Países del G-7Estados Unidos
81%
Pecados capitalesGula
81%
Capitales europeas que empiezan por BBerlín
80%
Países del G-7Francia
80%
Países que terminan en "Stan"Kirguistán
79%
Países que terminan en "Stan"Turkmenistán
79%
Enanitos de BlancanievesGruñón
78%
Países del G-7Reino Unido
78%
Especies de felino más grandeLeopardo
77%
Libros de Harry PotterPiedra Filosofal
76%
Países que terminan en "Stan"Tayikistán
76%
Especies de felino más grandeGuepardo
74%
Pecados capitalesLujuria
74%
Capitales europeas que empiezan por BBruselas
73%
Capitales europeas que empiezan por BBucarest
70%
Capitales europeas que empiezan por BBudapest
70%
Pecados capitalesIra
69%
Países del G-7Italia
69%
Países del G-7Japón
68%
Países del G-7Canadá
67%
Especies de felino más grandePantera de las nieves
67%
Libros de Harry PotterPrisionero de Azkaban
67%
Enanitos de BlancanievesTontín
67%
Capitales europeas que empiezan por BBerna
63%
Libros de Harry PotterCáliz de fuego
63%
Libros de Harry PotterCámara Secreta
63%
Pecados capitalesEnvidia
63%
Libros de Harry PotterReliquias de la Muerte
62%
Capitales europeas que empiezan por BBelgrado
60%
Lunas más grandes del Sistema SolarLuna
57%
Especies de felino más grandePuma
56%
Capitales europeas que empiezan por BBratislava
54%
Libros de Harry PotterOrden del Fénix
54%
Pecados capitalesPereza
53%
Libros de Harry PotterPríncipe Mestizo
51%
Especies de felino más grandeJaguar
46%
Enanitos de BlancanievesDormilón
44%
Enanitos de BlancanievesSabio
39%
Enanitos de BlancanievesTímido
33%
Enanitos de BlancanievesFeliz
32%
Lunas más grandes del Sistema SolarEuropa
29%
Pecados capitalesCodicia
28%
Enanitos de BlancanievesEstornudo
28%
Lunas más grandes del Sistema SolarTitán
24%
Pecados capitalesOrgullo
19%
Lunas más grandes del Sistema SolarÍo
18%
Lunas más grandes del Sistema SolarGanímedes
16%
Lunas más grandes del Sistema SolarCalisto
12%
Lunas más grandes del Sistema SolarTritón
10%

Distribución de puntuación

Porcentaje por número respondido

Porcentaje de gente con cada puntuación

Historial de tus puntuaciones

No has intentado esta prueba desde el último reinicio